Colonial powers in 1914 - Statistics

General Stats
  • This quiz has been taken 272 times
  • The average score is 13 of 15
Answer Stats
Answer % Correct
Britain
99%
Portugal
98%
France
97%
Russia
97%
Spain
96%
Germany
94%
Italy
92%
Netherlands
90%
United States
90%
Belgium
89%
Japan
88%
Ottoman Empire
82%
Denmark
80%
Austria Hungary
77%
Norway
51%
No matching quizzes found
Score Distribution
Percent of People with Each Score
Percentile by Number Answered
Your Score History
You have not taken this quiz